| 000 | 00419 a2200133 4500 | ||
|---|---|---|---|
| 001 | 91451 | ||
| 082 | _aPR 1349 | ||
| 090 |
_c43583 _d43582 |
||
| 100 | _aWaseem Nawaz; Prof Shoaib Salamat and Jehanzeb Burki (Advisors) | ||
| 245 |
_aDesigning and Modelling of Photovoltaic (PV) Solar Power System using MATLAB/ SIMULINK _n74 "B" EC |
||
| 260 |
_aRawalpindi _bNUST _c2013 |
||
| 300 | _a46p | ||
| 500 | _aBE Project Reports | ||
| 942 |
_aCAE NUST _kPR 1349 |
||
| 999 |
_c326524 _d326524 |
||